Statistics for Countries of the World in 5 Minutes

Click here to take the quiz!

General Stats

  • This quiz has been taken 977 times
  • The average score is 143 of 196

Answers on the Map

Answers color-coded by a green-red scale on the quiz's map according to % correct below.
 

Answer Stats

Country% Correct
Canada
96%
United Kingdom
96%
United States
96%
France
95%
Russia
95%
Brazil
94%
Mexico
94%
Spain
93%
China
92%
Finland
92%
Germany
92%
Italy
92%
Norway
92%
Sweden
92%
Argentina
91%
Denmark
91%
Iceland
91%
Portugal
91%
Ireland
90%
Peru
90%
Chile
89%
India
89%
Iran
88%
Japan
88%
Colombia
87%
Cuba
87%
Egypt
87%
Greece
87%
Iraq
87%
Poland
86%
Turkey
86%
Ukraine
86%
Australia
85%
Belgium
85%
Bolivia
85%
Paraguay
85%
Algeria
84%
Austria
84%
Ecuador
84%
Estonia
84%
Oman
84%
Uruguay
84%
Yemen
84%
Latvia
83%
Morocco
83%
Panama
83%
Belarus
82%
Haiti
82%
Libya
82%
Mongolia
82%
Netherlands
82%
Saudi Arabia
82%
Venezuela
82%
Democratic Republic
of the Congo
81%
Dominican Republic
81%
Lithuania
81%
Pakistan
81%
Romania
81%
Suriname
81%
Chad
80%
Guyana
80%
Indonesia
80%
Laos
79%
Bulgaria
78%
Guatemala
78%
Honduras
78%
Jordan
78%
Nepal
78%
Sudan
78%
Syria
78%
United Arab Emirates
78%
Vietnam
78%
Belize
77%
Costa Rica
77%
Kazakhstan
77%
Mali
77%
Niger
77%
Switzerland
77%
Thailand
77%
Tunisia
77%
Bosnia and
Herzegovina
76%
Czech Republic
76%
Hungary
76%
Israel
76%
Jamaica
76%
Nicaragua
76%
Serbia
76%
Bahamas
75%
Croatia
75%
New Zealand
75%
Nigeria
75%
South Africa
75%
South Korea
75%
Republic of the Congo
74%
Slovakia
74%
Afghanistan
73%
Albania
73%
Bhutan
73%
Cambodia
73%
Dominica
73%
El Salvador
73%
Georgia
73%
Qatar
73%
Slovenia
73%
Andorra
72%
Armenia
72%
Malta
72%
North Korea
72%
Ethiopia
71%
Kenya
71%
Madagascar
71%
Myanmar
71%
Somalia
71%
Malaysia
70%
Vatican City
70%
Angola
69%
Bangladesh
69%
Cyprus
69%
Kosovo
69%
Moldova
69%
South Sudan
69%
Sri Lanka
69%
Kuwait
68%
Lebanon
68%
Luxembourg
68%
Papua New Guinea
68%
Philippines
68%
Azerbaijan
67%
Bahrain
67%
Fiji
67%
Ghana
67%
Mauritania
67%
Monaco
67%
Montenegro
67%
North Macedonia
67%
Saint Kitts and Nevis
67%
Saint Lucia
67%
San Marino
67%
Barbados
66%
Togo
66%
Benin
65%
Liechtenstein
65%
Namibia
65%
Taiwan
65%
Turkmenistan
65%
Saint Vincent and the
Grenadines
64%
Uzbekistan
64%
Antigua and Barbuda
63%
Central African Republic
63%
Eritrea
63%
Guinea
63%
Maldives
63%
Zambia
63%
Botswana
62%
Cameroon
62%
Kyrgyzstan
62%
Lesotho
62%
Tajikistan
62%
Tanzania
62%
Grenada
61%
Kiribati
61%
Mozambique
61%
Palau
61%
Tonga
61%
Trinidad and Tobago
61%
Nauru
60%
Samoa
60%
Senegal
60%
Uganda
60%
Gabon
59%
Gambia
59%
Zimbabwe
59%
Brunei
58%
Djibouti
58%
Malawi
58%
Rwanda
57%
Seychelles
57%
Singapore
57%
Burundi
56%
Cape Verde
56%
Tuvalu
56%
Comoros
55%
Eswatini
55%
Liberia
55%
Mauritius
55%
Burkina Faso
54%
Federated States of
Micronesia
54%
Vanuatu
54%
Guinea-Bissau
53%
Ivory Coast
53%
São Tomé and Príncipe
53%
Marshall Islands
52%
East Timor
51%
Solomon Islands
50%
Sierra Leone
47%
Equatorial Guinea
45%

Score Distribution

Percentile by Number Answered

Percent of People with Each Score

Your Score History

You have not taken this quiz